<?xml version="1.0" encoding="UTF-8"?>
<record
    xmlns:xsi="http://www.w3.org/2001/XMLSchema-instance"
    xsi:schemaLocation="http://www.loc.gov/MARC21/slim http://www.loc.gov/standards/marcxml/schema/MARC21slim.xsd"
    xmlns="http://www.loc.gov/MARC21/slim">

  <leader>01559nam0a2200373 i 4500</leader>
  <controlfield tag="001">RU\NLR\bibl\1883595</controlfield>
  <controlfield tag="005">20260406013553.0</controlfield>
  <datafield tag="010" ind1=" " ind2=" ">
    <subfield code="a">9785235035072</subfield>
    <subfield code="9">1000</subfield>
  </datafield>
  <datafield tag="021" ind1=" " ind2=" ">
    <subfield code="a">RU</subfield>
    <subfield code="b">2012-16609</subfield>
    <subfield code="9">1248</subfield>
  </datafield>
  <datafield tag="035" ind1=" " ind2=" ">
    <subfield code="a">(nilc)RSL-KNO-005404689</subfield>
  </datafield>
  <datafield tag="035" ind1=" " ind2=" ">
    <subfield code="a">(NLR Aleph) 001873341</subfield>
  </datafield>
  <datafield tag="090" ind1=" " ind2=" ">
    <subfield code="a">2691393</subfield>
    <subfield code="c">2691393</subfield>
  </datafield>
  <datafield tag="100" ind1=" " ind2=" ">
    <subfield code="a">20120319d2012    u  y0rusy50      ca</subfield>
  </datafield>
  <datafield tag="101" ind1="0" ind2=" ">
    <subfield code="a">rus</subfield>
  </datafield>
  <datafield tag="102" ind1=" " ind2=" ">
    <subfield code="a">RU</subfield>
  </datafield>
  <datafield tag="105" ind1=" " ind2=" ">
    <subfield code="a">a   |||||||||</subfield>
  </datafield>
  <datafield tag="200" ind1="1" ind2=" ">
    <subfield code="a">&#x410;&#x440;&#x43D;&#x43E;&#x43B;&#x44C;&#x434; &#x424;&#x435;&#x434;&#x443;&#x43D;. &#x418;&#x43D;&#x430;&#x447;&#x435; &#x44F; &#x43D;&#x435; &#x43C;&#x43E;&#x433;!</subfield>
    <subfield code="f">&#x41B;&#x435;&#x43E;&#x43D;&#x438;&#x434; &#x41A;&#x443;&#x442;&#x44B;&#x440;&#x435;&#x432;-&#x422;&#x440;&#x430;&#x43F;&#x435;&#x437;&#x43D;&#x438;&#x43A;&#x43E;&#x432;</subfield>
  </datafield>
  <datafield tag="210" ind1=" " ind2=" ">
    <subfield code="a">&#x41C;&#x43E;&#x441;&#x43A;&#x432;&#x430;</subfield>
    <subfield code="c">&#x41C;&#x43E;&#x43B;&#x43E;&#x434;&#x430;&#x44F; &#x433;&#x432;&#x430;&#x440;&#x434;&#x438;&#x44F;</subfield>
    <subfield code="d">2012</subfield>
  </datafield>
  <datafield tag="215" ind1=" " ind2=" ">
    <subfield code="a">334, [15] &#x441;., [24] &#x43B;. &#x438;&#x43B;., &#x43F;&#x43E;&#x440;&#x442;&#x440;., &#x446;&#x432;. &#x438;&#x43B;. &#x43F;&#x43E;&#x440;&#x442;&#x440;.</subfield>
    <subfield code="d">21</subfield>
  </datafield>
  <datafield tag="225" ind1="1" ind2=" ">
    <subfield code="a">&#x416;&#x438;&#x437;&#x43D;&#x44C; &#x437;&#x430;&#x43C;&#x435;&#x447;&#x430;&#x442;&#x435;&#x43B;&#x44C;&#x43D;&#x44B;&#x445; &#x43B;&#x44E;&#x434;&#x435;&#x439;</subfield>
    <subfield code="e">&#x431;&#x438;&#x43E;&#x433;&#x440;&#x430;&#x444;&#x438;&#x44F; &#x43F;&#x440;&#x43E;&#x434;&#x43E;&#x43B;&#x436;&#x430;&#x435;&#x442;&#x441;&#x44F;...</subfield>
    <subfield code="e">&#x441;&#x435;&#x440;&#x438;&#x44F; &#x431;&#x438;&#x43E;&#x433;&#x440;&#x430;&#x444;&#x438;&#x439;</subfield>
    <subfield code="v">&#x432;&#x44B;&#x43F;. 17</subfield>
  </datafield>
  <datafield tag="320" ind1=" " ind2=" ">
    <subfield code="a">&#x411;&#x438;&#x431;&#x43B;&#x438;&#x43E;&#x433;&#x440;.: &#x441;. 348</subfield>
  </datafield>
  <datafield tag="517" ind1="0" ind2=" ">
    <subfield code="a">&#x418;&#x43D;&#x430;&#x447;&#x435; &#x44F; &#x43D;&#x435; &#x43C;&#x43E;&#x433;!</subfield>
  </datafield>
  <datafield tag="600" ind1=" " ind2="1">
    <subfield code="a">&#x424;&#x435;&#x434;&#x443;&#x43D;</subfield>
    <subfield code="b">&#x410;.&#x410;.</subfield>
    <subfield code="f">1928</subfield>
    <subfield code="g">&#x410;&#x440;&#x43D;&#x43E;&#x43B;&#x44C;&#x434; &#x410;&#x43D;&#x442;&#x43E;&#x43D;&#x43E;&#x432;&#x438;&#x447;</subfield>
    <subfield code="9">2131545</subfield>
    <subfield code="3">RU\NLR\auth\661589971</subfield>
  </datafield>
  <datafield tag="686" ind1=" " ind2=" ">
    <subfield code="a">&#x420;.&#x434;(2)&#x424;&#x435;&#x434;&#x443;&#x43D; &#x410;.&#x410;.-2,0</subfield>
    <subfield code="2">rubbk</subfield>
  </datafield>
  <datafield tag="686" ind1=" " ind2=" ">
    <subfield code="a">&#x420;.&#x433;(2)7&#x434;.&#x424;&#x435;&#x434;&#x443;&#x43D;</subfield>
  </datafield>
  <datafield tag="686" ind1=" " ind2=" ">
    <subfield code="a">&#x426;7,6(2)6-243&#x434;&#x424;&#x435;&#x434;&#x443;&#x43D;</subfield>
  </datafield>
  <datafield tag="700" ind1=" " ind2="1">
    <subfield code="4">070</subfield>
    <subfield code="8">rus</subfield>
    <subfield code="7">ca</subfield>
    <subfield code="a">&#x41A;&#x443;&#x442;&#x44B;&#x440;&#x435;&#x432;-&#x422;&#x440;&#x430;&#x43F;&#x435;&#x437;&#x43D;&#x438;&#x43A;&#x43E;&#x432;</subfield>
    <subfield code="b">&#x41B;. &#x410;.</subfield>
    <subfield code="g">&#x41B;&#x435;&#x43E;&#x43D;&#x438;&#x434; &#x410;&#x43D;&#x430;&#x442;&#x43E;&#x43B;&#x44C;&#x435;&#x432;&#x438;&#x447;</subfield>
    <subfield code="3">RU\NLR\auth\77119049</subfield>
    <subfield code="9">101974</subfield>
  </datafield>
  <datafield tag="702" ind1=" " ind2="1">
    <subfield code="a">&#x424;&#x435;&#x434;&#x443;&#x43D;</subfield>
    <subfield code="b">&#x410;. &#x410;.</subfield>
    <subfield code="g">&#x410;&#x440;&#x43D;&#x43E;&#x43B;&#x44C;&#x434; &#x410;&#x43D;&#x442;&#x43E;&#x43D;&#x43E;&#x432;&#x438;&#x447;</subfield>
    <subfield code="4">570</subfield>
  </datafield>
  <datafield tag="801" ind1=" " ind2="0">
    <subfield code="a">RU</subfield>
    <subfield code="b">RuMoRKP</subfield>
    <subfield code="c">20120319</subfield>
    <subfield code="g">rcr</subfield>
  </datafield>
  <datafield tag="801" ind1=" " ind2="1">
    <subfield code="a">RU</subfield>
    <subfield code="b">&#x420;&#x413;&#x411;</subfield>
    <subfield code="c">20120319</subfield>
  </datafield>
  <datafield tag="801" ind1=" " ind2="2">
    <subfield code="a">RU</subfield>
    <subfield code="b">NLR</subfield>
    <subfield code="c">20120323</subfield>
    <subfield code="g">rcr</subfield>
  </datafield>
  <datafield tag="942" ind1=" " ind2=" ">
    <subfield code="c">BOOK</subfield>
  </datafield>
  <datafield tag="980" ind1=" " ind2=" ">
    <subfield code="a">NBR</subfield>
  </datafield>
</record>
